000 02364nam a2200373 a 4500
001 ebr5000222
003 CaPaEBR
006 m u
007 cr cn|||||||||
008 990113s1999 ne sb 001 0 eng
020 _z1556199325 (alk. paper)
040 _aCaPaEBR
_cCaPaEBR
035 _a(OCoLC)665835070
050 1 4 _aP240.65
_b.Y36 1999eb
082 0 4 _a415
_221
100 1 _aYamamoto, Mutsumi,
_d1942-
245 1 0 _aAnimacy and reference
_h[electronic resource] :
_ba cognitive approach to corpus linguistics /
_cMutsumi Yamamoto.
260 _aAmsterdam ;
_aPhiladelphia :
_bJ. Benjamins Pub.,
_cc1999.
300 _axvi, 278 p.
490 1 _aStudies in language companion series,
_x0165-7763 ;
_vv. 46
504 _aIncludes bibliographical references and index.
505 0 0 _tCh. 1. What is 'Animacy'? --
_tCh. 2. What Does Animacy Do to Human Language? --
_tCh. 3. Hierarchy of Persons and Animacy in English and Japanese --
_tCh. 4. Degree of Individuation and Encoding of Animacy --
_tCh. 5. Agency and Animacy --
_tCh. 6. A Neverending Story of Animacy --
_tAppendix. Lists of Human/Animate Noun Phrases in Corpus. Case Study 1. Yukio Mishima, Hyaku-man Yen Senbei ('One Million Yen Rice Cracker' or 'Three Million Yen'). Case Study 2. Agatha Christie, Murder on the Orient Express. Case Study 3. Asahi Shinbun and Asahi Evening News. Case Study 4. Newsweek. Case Study 5. The Transactions of the Institute of Electronics, Information and Communication Engineers and Systems and Computers in Japan. Case Study 6. Scientific American. Case Study 7. 'Tetsuko no Heya'. Case Study 8. Viewpoints.
533 _aElectronic reproduction.
_bPalo Alto, Calif. :
_cebrary,
_d2013.
_nAvailable via World Wide Web.
_nAccess may be limited to ebrary affiliated libraries.
650 0 _aGrammar, Comparative and general
_xAnimacy.
650 0 _aReference (Linguistics)
650 0 _aEnglish language
_xAnimacy.
650 0 _aJapanese language
_xAnimacy.
650 0 _aEnglish language
_xGrammar, Comparative
_xJapanese.
650 0 _aJapanese language
_xGrammar, Comparative
_xEnglish.
655 7 _aElectronic books.
_2local
710 2 _aebrary, Inc.
830 0 _aStudies in language companion series ;
_vv. 46.
856 4 0 _uhttp://site.ebrary.com/lib/rucke/Doc?id=5000222
_zAn electronic book accessible through the World Wide Web; click to view
999 _c2706
_d2706